000 00311nam a22001337a 4500
008 170921b xxu||||| |||| 00| 0 eng d
020 _a9780393976526
041 _aeng
080 _a78
100 _a45
101 _aMUZ
245 _aTHEORY AND ANLYSIS THE MUSCIANS GUIDE
_cPIPER.J
942 _2udc
_cBK
999 _c28770
_d28770